| 000 | 00396nam a2200145Ia 4500 | ||
|---|---|---|---|
| 008 | 211109s9999||||xx |||||||||||||| ||und|| | ||
| 082 |
_a516 _bNIX-E |
||
| 100 | _aNixon, R C J | ||
| 245 | 0 | _aEuclid Revised- Essentials Of The Elements Of Plane Gro | |
| 260 |
_bNATIONAL BOOKSTALL _aKottayam _c1986 |
||
| 300 | _a378p. | ||
| 630 | _xGeneral Stack | ||
| 650 |
_aGEOMETRY _xMathematics |
||
| 942 | _cBOOK | ||
| 999 |
_c4495 _d4495 |
||